| 000 | 00746nam a2200205 a 4500 | ||
|---|---|---|---|
| 008 | 120416s1991 ||||||||||||||||| || u | ||
| 020 | _a9964301855 | ||
| 050 | _aHD 6960.5.G5 Obe | ||
| 100 | _aObeng-Fosu, Patrick | ||
| 245 | 1 | 0 | _aIndustrial relations in Ghana |
| 246 | _athe law and practice | ||
| 260 |
_aAccra _bGhana University press _c1991 |
||
| 300 | _axv, 152p. : ill. | ||
| 350 | _a0.00 | ||
| 500 | _aIncludes bibliographical references (p. 147-148) and index. | ||
| 650 | _aLabor laws and legislation--Ghana | ||
| 650 | _aINDUSTRY | ||
| 650 | _aIndustrial relations--Ghana | ||
| 995 |
_D0.00 _FCBU-MAIN LIBRARY (Kitwe) _H1 _I9.95 _M1 _UDAMAGED _ZMain Library Open Access Collection |
||
| 999 |
_c46759 _d46759 |
||